000 00440nam a2200169Ia 4500
008 221030s9999 xx 000 0 und d
020 _a8178083124
041 _aEnglish
082 _a105.23
_bAnt
100 _aJ. L. Antonakos
245 3 _aAn Introduction to the Intel Family of Mircoprocessors
_cby J. L. Antonakos
250 _a3rd
260 _bPearson Education
_aDelhi
_c2005
300 _a784
650 _aComputers
942 _cBK
999 _c2733
_d2733